000 01524cad a22002415a 4500
001 L151902
008 101220s2010 xxk f 000 0 eng d
020 _a9781859357880
035 _a(Sirsi) u151902
041 0 _aeng
050 0 4 _a306.1 $2 18
100 1 _aHall, David
245 0 0 _aIncreasing supply within the social rented sector
_helectronic resource]
260 _aYork
_bJoseph Rowntree
_c2010
505 2 _aIn-house funding mechanisms -- In practice existing social funding mechanisms -- Impact of hte credit crunch on the funding of new social housing -- Alternative international funding models - Near market renting
520 _aThe principles and practice of funding for new social housing (Council and Housing Association) over the last decade, an assessment of the Credit Crunch and recession on existing funding mechanisms for social housing. Consideration of viability of existing funding mechanisms and whether recent financial economic problems have permanently or temporarily affected the exisitng funding model. Research commissioned as part of the Joseph Rowntree Foundation's Housing Market Taskforce set up to promote policies aimed at reducing housing market volatility.
590 _aKA
651 4 _aUnited Kingdom
_y
690 _aPROPERTY-RESIDENTIAL PROPERTY-DOMESTIC RESIDENTIAL PROPERTY-HOUSING
700 1 _aGibb, Kenneth
856 4 0 _uhttps://www.jrf.org.uk/sites/files/jrf/social-rented-sector-supply-full.pdf
_zView this item free of charge at www.jrf.org.uk
942 _n0
999 _c111720
_d111720